• 首页
  • 本馆介绍
  • 公告通知
  • 最新文献
  • 馆藏检索
  • 电子资源
  • 读者导购
  • 参考咨询
  • 我的图书馆
  • 登录
  • 详细信息显示
  • 放入我的书架
  • 预约/预借图书
  • 作者相关作品
  • 分类相关作品
  • 丛书相关作品
  • 出版社相关作品

书目信息

  • 表格格式
  • 工作单格式
  • 卡片格式
题名:
超深碳酸盐岩油藏工程技术进展
    
 
作者: 胡文革 , 赵海洋 编著
分册:  
出版信息: 北京   中国石化出版社  2019
页数: 363页
开本: 27cm
丛书名:
单 册:
中图分类: TE344
科图分类:
主题词: 碳酸盐岩油气藏--tan suan yan yan you qi cang--油藏工程
电子资源:
ISBN: 978-7-5114-5338-9
000 01571nam0 2200265 450
001 012001003319
005 20140130092015.0
010    @a978-7-5114-5338-9@dCNY190.00
099    @aCAL 012019124150
100    @a20190801d2019 em y0chiy50 ea
101 0  @achi
102    @aCN@b110000
105    @aak a 000yy
106    @ar
200 1  @a超深碳酸盐岩油藏工程技术进展@Achao shen tan suan yan yan you cang gong cheng ji shu jin zhan@f胡文革, 赵海洋编著
210    @a北京@c中国石化出版社@d2019
215    @a363页@c彩图@d27cm
320    @a有书目
330    @a本书共分为六章。第一章为钻井工程,细分为钻井工艺、钻井液,总结了顺北油田、顺南气田等在钻井工艺和钻井液方面的研究进展;第二章为完井测试工程,分完井测试工艺、动态监测工艺,超深超高压油井、气井完井测试工艺和缝洞型油藏动态监测解释方面的研究进展;第三章为采油工程,细分为稠油降黏、机械采油、凝析气藏、流道调整、注气三采、碎屑岩提高采收率,总结了稠油开采、机械采油、碳酸盐岩和碎屑岩提高采收率方面的研究进展;第四章为储层改造工程,细分为基础理论、酸液体系、酸压工艺、水力压裂、新工艺进展,总结了缝洞型油藏在储层改造理论及工艺方面研究进展;第五章为地面工程,细分为油气集输、仪表自控、油田节能及经济评价,总结了塔河油田在地面集输方面的研究进展及应用情况;第六章为防腐工程,细分为地面防腐、井下防腐、腐蚀监检测、防腐配套,总结了塔河油田腐蚀防控理论及现场方面的研究进展。
606 0  @a碳酸盐岩油气藏@Atan suan yan yan you qi cang@x油藏工程
690    @aTE344@v5
701  0 @a胡文革@Ahu wen ge@4编著
701  0 @a赵海洋@Azhao hai yang@4编著
801  0 @aCN@b北京卓展@c20191020
905    @b1211197-9@dTE344@e68@f3
    
    超深碳酸盐岩油藏工程技术进展/胡文革, 赵海洋编著.-北京:中国石化出版社,2019
    363页:彩图;27cm
    
    
    ISBN 978-7-5114-5338-9:CNY190.00
    本书共分为六章。第一章为钻井工程,细分为钻井工艺、钻井液,总结了顺北油田、顺南气田等在钻井工艺和钻井液方面的研究进展;第二章为完井测试工程,分完井测试工艺、动态监测工艺,超深超高压油井、气井完井测试工艺和缝洞型油藏动态监测解释方面的研究进展;第三章为采油工程,细分为稠油降黏、机械采油、凝析气藏、流道调整、注气三采、碎屑岩提高采收率,总结了稠油开采、机械采油、碳酸盐岩和碎屑岩提高采收率方面的研究进展;第四章为储层改造工程,细分为基础理论、酸液体系、酸压工艺、水力压裂、新工艺进展,总结了缝洞型油藏在储层改造理论及工艺方面研究进展;第五章为地面工程,细分为油气集输、仪表自控、油田节能及经济评价,总结了塔河油田在地面集输方面的研究进展及应用情况;第六章为防腐工程,细分为地面防腐、井下防腐、腐蚀监检测、防腐配套,总结了塔河油田腐蚀防控理论及现场方面的研究进展。
●
相关链接 在E读中查询图书 在五车中查询图书 在当当中查询图书 在豆瓣中查询图书


正题名:超深碳酸盐岩油藏工程技术进展     索取号:TE344/68         预约/预借

序号 登录号 条形码 馆藏地/架位号 状态 备注
1 1211197   212111971   第二样本阅览室/ [索取号:TE344/68] 在馆    
2 1211198   212111980   第三借阅区/ [索取号:TE344/68] 在馆    
3 1211199   212111999   第三借阅区/ [索取号:TE344/68] 在馆    
唐山师范学院图书馆 欢迎您!
大连网信软件有限公司© 版权所有